000 00495nam a22001937a 4500
003 OSt
005 20140310182214.0
008 130906t xxu||||| |||| 00| 0 eng d
020 _a9780879757038
050 _aB 561
_b. M52E5 1991
082 _aHS 188
_bEp5 1991
100 _aEpictetus
_916903
245 _aEnchiridion
_cEpictetus
260 _aNew York :
_bPrometheus Books,
_cc1991.
300 _a45 p. ;
_c22 cm.
650 _aEthics.
_910205
942 _2lcc
_cHS
999 _c10540
_d10540